Vedanta and Vivekananda / (Record no. 164795)

MARC details
000 -LEADER
fixed length control field 00537nam a22001817a 4500
005 - DATE AND TIME OF LATEST TRANSACTION
control field 20190527151024.0
010 ## - LCCN (DPL NO)
LC control number ENG-125328
020 ## - INTERNATIONAL STANDARD BOOK NUMBER
Terms of availability 128.00
International Standard Book Number 9789381325100
035 ## - SYSTEM CONTROL NUMBER
System control number EN-108860
037 ## - SOURCE OF ACQUISITION
Source of stock number/acquisition DBAD/PUB
082 ## - DEWEY DECIMAL CLASSIFICATION NUMBER
Classification number 181.46
100 ## - MAIN ENTRY--PERSONAL NAME
Personal name Swahananda
245 ## - TITLE STATEMENT
Title Vedanta and Vivekananda /
Statement of responsibility, etc by Swami Swahananda
260 ## - PUBLICATION, DISTRIBUTION, ETC. (IMPRINT)
Place of publication, distribution, etc Kolkata
Name of publisher, distributor, etc Swami Sarvabhutananda
Date of publication, distribution, etc 2012
270 ## - ADDRESS
Address Ramakrishna Mission Institure of Culture
City Kolkata
Postal code 700029
300 ## - PHYSICAL DESCRIPTION
Extent viii,416p.
Dimensions 22cm(Hb)
942 ## - ADDED ENTRY ELEMENTS (KOHA)
Source of classification or shelving scheme Dewey Decimal Classification
Item type English Books
Classification part 181.46
Call number suffix SWA
Holdings
Withdrawn status Lost status Not for loan Collection code Home library Current library Date acquired Source of acquisition Cost, normal purchase price Full call number Barcode Copy number Cost, replacement price Koha item type
      Non-fiction Sarojini Nagar Sarojini Nagar 27/05/2019 DBAD/PUB 180.00 181.46 SWA EN-108860 1 180.00 English Books

© Delhi Public Library
Hit Counter
free hit counter